| 000 | 00723cam a22002293a 4500 | ||
|---|---|---|---|
| 001 | 4657 | ||
| 003 | PGUSA | ||
| 005 | 20140828083103.0 | ||
| 008 | 031101s2003||||xxu|||||s|||||000 | eng d | ||
| 040 |
_aPGUSA _beng |
||
| 042 | _adc | ||
| 050 | 4 | _aDS | |
| 100 | 1 |
_aBurton, Richard Francis, _cSir, _d1821-1890 |
|
| 245 | 1 | 0 |
_aPersonal Narrative of a Pilgrimage to Al-Madinah and Meccah — Volume 1 _h[electronic resource] / _cRichard Francis, Burton |
| 260 |
_bProject Gutenberg, _c2003 |
||
| 506 | _aPublic domain in the USA. | ||
| 516 | _aElectronic text | ||
| 653 | _aArabian Peninsula -- Description and travel | ||
| 830 | 0 |
_aProject Gutenberg _v4657 |
|
| 856 | 4 | 0 | _uhttp://www.gutenberg.org/ebooks/4657 |
| 942 | _cEB | ||
| 999 |
_c233986 _d233986 |
||